[Event "Wch U12 Girls"]
[Site "Montesilvano"]
[Date "2024.11.23"]
[Round "8"]
[White "Liang, Candice"]
[Black "Liu, Jingyu"]
[Result "1/2-1/2"]
[WhiteElo "1551"]
[BlackElo "1680"]
[PlyCount "59"]
[EventDate "2024.11.15"]
[EventType "swiss"]
[EventRounds "11"]
[EventCountry "ITA"]
[SourceTitle "CB48_2024"]
[SourceDate "2024.11.28"]
[SourceVersion "1"]
[SourceVersionDate "2024.11.28"]
[SourceQuality "1"]

1. d4 d5 2. c4 e6 3. Nc3 Nf6 4. cxd5 exd5 5. Bg5 c6 6. e3 Be7 7. Bd3 h6 8. Bh4 0-0 9. Nge2 Re8 10. 0-0 b5 11. f3 Na6 12. a3 Nc7 13. Bf2 a5 14. Kh1 Ba6 15. e4 dxe4 16. fxe4 Bf8 17. Bh4 Be7 18. Rc1 Ne6 19. Bf2 b4 20. axb4 axb4 21. Nb1 Bxd3 22. Qxd3 Nc5 23. Qc4 Ncxe4 24. Qxc6 Nxf2+ 25. Rxf2 Rc8 26. Qxc8 Qxc8 27. Rxc8 Rxc8 28. Kg1 Nd5 29. b3 Rc2 30. Ng3 1/2-1/2